000 00715nam a2200253Ia 4500
003 OSt
005 20220925223313.0
006 a|||||r|||| 00| 0
007 ta
008 220923b |||||||| |||| 00| 0 eng d
020 _a0415097835
037 _cGeneral Book
040 _aRTL
_cRTL
_beng
041 _2eng
_aeng
082 _aY15:(R4), N4
100 _aDiprose Rosalyn
_9230764
245 0 _aBodies of women
_b Ethics, embodiment and sexual difference
260 _aLondon
_bRoutledge
_c1994
300 _axii, 148p
_ccm.
500 _aBibliography: p 139-145
650 _aWomen Sociology
942 _hY15:(R4), N4
_cGB
_2CC
999 _c579197
_d579197